| 000 | 00864nam a2200217 i 4500 | ||
|---|---|---|---|
| 001 | 119791 | ||
| 003 | ES-MaACL | ||
| 005 | 20250930063118.0 | ||
| 007 | t| | ||
| 008 | 070214s1984 sp r ||||1| spa d | ||
| 100 | 1 |
_aPérez Pastor, Cristóbal, _d1833-1908 _991076 |
|
| 245 | 1 | 3 |
_aLa imprenta en Toledo _b: descripción bibliográfica de las obras impresas en la imperial ciudad desde 1483 hasta nuestros días / _cCristóbal Pérez Pastor. |
| 260 |
_aToledo : _bInstituto Provincial de Investigaciones y Estudios Toledanos, _c1984. |
||
| 300 |
_aXXIV, 392 p. : _bil. ; _c25 cm. |
||
| 500 | _aEdición facsímil. | ||
| 650 | 4 |
_aBibliografías toledanas. _9159723 |
|
| 710 | 2 |
_aInstituto Provincial de Investigaciones y Estudios Toledanos. _95217 |
|
| 852 |
_aES-MaACL _9124255 _bR.106696 _jL-6218 _cDEPO2 |
||
| 942 | _2udc | ||
| 999 |
_c119791 _d119791 |
||